000 00702nam a2200217 a 4500
001 000012479
005 20240530073914.0
008 091113s2005 dr r 000 f spa d
020 _a9945021001
040 _aDO-SdBNP
_bspa
_cBNPHU
082 _aRD863.44
_bH258b
100 1 _aHard Stone, Emilio,
_d1970-
_97208
245 1 0 _aBajo el frescor de la suerte :
_bRelato /
_cEmilio Hard Stone.
260 _aSanto Domingo :
_bHard Stone,
_c2005.
300 _a106 p. ;
_c22 cm.
500 _aIncluye breve biografĂ­a del autor en la cubierta.
590 _aInventariado, 2020/BT
650 0 _aNovela dominicana
_9223
650 0 _aLiteratura dominicana.
_967
910 _aValidado. Control de calidad MFF
999 _c12135
_d12135